=LDR 00000nam 2200000 4500 =001 INLIS000000000051632 =005 20200304080233 =035 ##$$a 0010-1017000071 =007 ta =008 200304################g##########0#ind## =020 ##$$a 978-602-317-242-9 =082 ##$$a 297.54 =084 ##$$a 297.54 KUM =245 ##$$a Kumpulan Doa dan Zikir Harian Istimewa /$c penyunting, Alamin Rayyis; tata isi, Hemi Rian =260 ##$$a Surakarta :$b Ziyad Books,$c 2016 =300 ##$$a 351 hlm ; $c 14 x 20 cm =650 #4$$a Doa dan Zikir =504 ##$$a Bibliografi : Hlm. 351 =250 ##$$a cet.1 =990 ##$$a 21704660 =990 ##$$a 21704659 =990 ##$$a 21704658 =990 ##$$a 21704657 =990 ##$$a 21704656